[Event "MTO"]
[Site "Biel"]
[Date "2004.07.27"]
[Round "8"]
[White "Bauer, Christian"]
[Black "Rustemov, Alexander"]
[Result "1/2-1/2"]
[WhiteElo "2590"]
[BlackElo "2589"]
[PlyCount "36"]
[EventDate "2004.07.19"]
[Source "Roberto Alvarez"]
[SourceDate "2004.08.10"]

1. e4 e6 2. Nf3 d5 3. e5 c5 4. c3 Bd7 5. Be2 Nc6 6. d4 Nge7 7. Na3 cxd4 8. cxd4 Nf5 9. Nc2 Nb4 10. O-O Nxc2 11. Qxc2 Qb6 12. Qd3 a6 13. a4 Bb4 14. Rd1 Rc8 15. Bf1 h6 16. Bd2 Bxd2 17. Qxd2 a5 18. Rdb1 O-O 1/2-1/2

[Event "Ch Bosnia & Herzegovina (team)"]
[Site "Vogosca (Bosnia & Herzegovina"]
[Date "2007.06.07"]
[Round "6"]
[White "Sedlak Nikola (SCG)"]
[Black "Stojanovic Mihajlo (SCG)"]
[Result "0-1"]
[WhiteElo "2575"]
[BlackElo "2588"]
[PlyCount "120"]
[EventDate "2007.??.??"]
[Source "www.chesslib.no"]
[SourceDate "2004.05.04"]

1. e4 e6 2. Nf3 d5 3. e5 c5 4. b4 cxb4 5. a3 Nc6 6. axb4 Bxb4 7. c3 Be7 8. d4 h5 9. h4 Nh6 10. Bd3 Nf5 11. Na3 a6 12. Bg5 Rb8 13. Nc2 b5 14. Ne3 Rb6 15. Qb3 g6 16. Bxf5 gxf5 17. O-O Bxg5 18. Nxg5 Ne7 19. g3 Ng6 20. Nc2 Qc7 21. Nb4 Qc4 22. Qb2 f4 23. Qd2 Qc7 24. Kh2 Qe7 25. Nd3 f6 26. exf6 Qxf6 27. Rae1 Rb7 28. Nh3 fxg3+ 29. fxg3 Qg7 30. Ng5 Re7 31. Nc5 e5 32. dxe5 Nxe5 33. Qxd5 Rh6 34. Qa8 Kd8 35. Rd1+ Kc7 36. Qa7+ Kc6 37. Qb8 Ng4+ 38. Kg1 Qe5 39. Qxc8+ Rc7 40. Qa8+ Kxc5 41. Ne4+ Kb6 42. Ra1 Ra7 43. Qd8+ Rc7 44. Rfe1 Kb7 45. Rad1 Ka7 46. Rd7 Rhc6 47. Rd5 Qe7 48. Qh8 Nf6 49. Rd8 Nxe4 50. Ra8+ Kb6 51. Rb8+ Ka7 52. Ra8+ Kb6 53. Rb8+ Rb7 54. Qd4+ Qc5 55. Rxb7+ Kxb7 56. Rxe4 a5 57. Re5 Qxd4+ 58. cxd4 b4 59. Rxa5 b3 60. d5 Ra6 0-1

[Event "It (open)"]
[Site "Zupanja (Croatia)"]
[Date "2008.01.05"]
[Round "3"]
[White "Sedlak Nikola (SRB)"]
[Black "Tratar Marko (SLO)"]
[Result "0-1"]
[WhiteElo "2605"]
[BlackElo "2502"]
[PlyCount "132"]
[EventDate "2008.??.??"]
[Source "www.chesslib.no"]
[SourceDate "2004.05.04"]

1. e4 e6 2. Nf3 d5 3. e5 c5 4. b4 c4 5. c3 a5 6. b5 Bc5 7. d4 cxd3 8. Bxd3 Nd7 9. Qe2 Ne7 10. h4 h5 11. Nbd2 a4 12. c4 Nb6 13. O-O Nf5 14. Bxf5 exf5 15. e6 Bxe6 16. Bb2 Qe7 17. Bxg7 Rg8 18. Bd4 dxc4 19. Rac1 Rg4 20. Bxc5 Qxc5 21. Ne5 Rxh4 22. Ndf3 Re4 23. Qd2 Rxe5 24. Nxe5 Qxe5 25. Rfe1 Qc5 26. Qg5 Rd8 27. Qf6 Kd7 28. Red1+ Nd5 29. Rd4 Qxb5 30. Qe5 Rc8 31. Qe2 Rc5 32. Rcxc4 Rxc4 33. Rxc4 Kd6 34. Qd3 f4 35. Qa3+ Ke5 36. Qd3 Qb2 37. Rxa4 Qc1+ 38. Kh2 Qc5 39. Qe4+ Kf6 40. Rd4 h4 41. Rd2 Qd6 42. f3 Qe5 43. Qh7 Qg5 44. Qh8+ Ke7 45. Qb2 Qg3+ 46. Kh1 Qe1+ 47. Kh2 Qg3+ 48. Kh1 b6 49. Re2 h3 50. Qa3+ Kf6 51. Qb2+ Ke7 52. Qa3+ Kf6 53. Qb2+ Kg6 54. Qh8 Nf6 55. Kg1 Bc4 56. Rf2 h2+ 57. Qxh2 Qxh2+ 58. Kxh2 b5 59. Rc2 Nd5 60. a3 Kf5 61. Rc1 Ne3 62. Kg1 Ke5 63. Kf2 Kd4 64. g3 fxg3+ 65. Kxg3 Kd3 66. Kf4 Nc2 0-1

[Event "ACT op"]
[Site "Amsterdam"]
[Date "2004.07.24"]
[Round "8"]
[White "Martens, Martin"]
[Black "Nikolic, Predrag"]
[Result "0-1"]
[WhiteElo "2430"]
[BlackElo "2671"]
[PlyCount "98"]
[EventDate "2004.07.17"]
[Source "Roberto Alvarez"]
[SourceDate "2004.07.26"]

1. e4 e6 2. Nf3 d5 3. e5 c5 4. b4 cxb4 5. a3 Nc6 6. axb4 Bxb4 7. c3 Be7 8. d4 Bd7 9. Bd3 f5 10. h3 h5 11. Rg1 Nh6 12. Bxh6 Rxh6 13. g4 hxg4 14. hxg4 fxg4 15. Rxg4 Qb6 16. Nbd2 Rh1+ 17. Ng1 O-O-O 18. Rb1 Qc7 19. Ndf3 Rg8 20. Bg6 Rf8 21. Kf1 Na5 22. Bd3 Rg8 23. Bg6 Kb8 24. Kg2 Rgh8 25. Qc2 Nc4 26. Re1 Qd8 27. Ne2 R8h2+ 28. Nxh2 Rxe1 29. Nf4 a5 30. Bf7 g5 31. Bxe6 Bc6 32. Nf3 Ra1 33. Nh3 a4 34. Nhxg5 a3 35. Nh7 Qb6 36. Nf6 Qb1 37. Qe2 Qd1 38. Qxd1 Rxd1 39. Bxd5 a2 40. Bxc4 a1=Q 41. d5 Ba4 42. Be2 Qb2 43. Nd4 Rd2 44. Bf3 Qxc3 45. Ne4 Qxd4 46. Nxd2 Qxd2 47. d6 Bxd6 48. exd6 Bd7 49. Rg6 Qf4 0-1

[Event "VIII Dos Hermanas Internet"]
[Site "ICC INT"]
[Date "2007.03.23"]
[Round "1.2"]
[White "Guseinov, G."]
[Black "Meier, Geo"]
[Result "1-0"]
[WhiteElo "2585"]
[BlackElo "2512"]
[PlyCount "149"]
[EventDate "2007.03.23"]
[Source "www.chesslib.no"]
[SourceDate "2004.05.04"]

1. e4 e6 2. Nf3 d5 3. Nc3 dxe4 4. Nxe4 Nd7 5. g3 b6 6. Bg2 Bb7 7. Qe2 Ngf6 8. Nxf6+ Nxf6 9. O-O Be7 10. d4 O-O 11. c4 c5 12. Rd1 cxd4 13. Nxd4 Qc8 14. Bxb7 Qxb7 15. b3 Rfd8 16. Bf4 Bc5 17. Be5 Nd7 18. Qf3 Qxf3 19. Nxf3 Nxe5 20. Nxe5 f6 21. Nd3 Bd4 22. Rab1 Kf7 23. Kf1 Rd7 24. Ke2 Rad8 25. Nb4 Bc5 26. Rxd7+ Rxd7 27. Nd3 Bf8 28. Rd1 Ke8 29. f4 a6 30. a4 Bc5 31. a5 Rb7 32. axb6 Bxb6 33. b4 Ke7 34. Ra1 a5 35. bxa5 Ra7 36. a6 Kd6 37. Ra4 Kc6 38. Kf3 Bg1 39. Ra1 Bd4 40. Ra4 Bg1 41. h3 Kb6 42. Ra1 Bd4 43. Rb1+ Kc6 44. Rb5 Bg1 45. g4 Bd4 46. Ke4 Bc3 47. Nc5 e5 48. f5 Bd4 49. Ne6 Rxa6 50. Nxd4+ exd4 51. Rb8 Ra3 52. Rg8 d3 53. Ke3 Kc5 54. Rxg7 Kxc4 55. Rc7+ Kd5 56. Rxh7 Kd6 57. Kd2 Ke5 58. Ke3 Kd6 59. Rh8 Ke7 60. Kd2 Kd6 61. Rd8+ Ke5 62. Rxd3 Ra2+ 63. Ke1 Rh2 64. Kf1 Kf4 65. Kg1 Ra2 66. Rc3 Rb2 67. Ra3 Rc2 68. Kf1 Rh2 69. Kg1 Rb2 70. Ra6 Kg3 71. Kf1 Kxh3 72. Ra4 Kg3 73. Ke1 Kf3 74. Kd1 Rg2 75. Ra6 1-0

[Event "DSV-Turnier"]
[Site "Halle"]
[Date "1976.??.??"]
[Round "?"]
[White "Espig, Lutz"]
[Black "Uhlmann, Wolfgang"]
[Result "1/2-1/2"]
[WhiteElo "2480"]
[BlackElo "2555"]
[PlyCount "113"]
[EventDate "1976.11.??"]
[Source "ChessBase"]

1. e4 e6 2. Nf3 d5 3. Nc3 d4 4. Ne2 c5 5. b4 Nc6 6. b5 Nb8 7. Ng3 Be7 8. Bb2 Nf6 9. c3 dxc3 10. Bxc3 O-O 11. Bc4 Nbd7 12. a4 Nb6 13. Be2 Ne8 14. a5 Nd7 15. O-O Bf6 16. d4 Nc7 17. Nh5 Bxd4 18. Bxd4 cxd4 19. Qxd4 e5 20. Nxe5 Ne6 21. Qd6 Ndc5 22. Qxd8 Rxd8 23. f3 Nd4 24. Bc4 Be6 25. Bxe6 Ncxe6 26. Rab1 Rac8 27. Ng3 Rc5 28. Nd3 Rxb5 29. Rxb5 Nxb5 30. Nb4 Nf4 31. a6 bxa6 32. Nxa6 g6 33. Rb1 Nc3 34. Rb3 Rd1+ 35. Kf2 Rc1 36. Ke3 Nxg2+ 37. Kd2 Ra1 38. Nc7 Na4 39. Rb8+ Kg7 40. Ne8+ Kh6 41. Nd6 Ra2+ 42. Kd3 f6 43. e5 fxe5 44. Nf7+ Kg7 45. Nxe5 Kf6 46. Ng4+ Kg5 47. Ne4+ Kh4 48. Ne5 Nf4+ 49. Ke3 g5 50. Rb7 h5 51. Rxa7 Re2+ 52. Kd4 Nb6 53. Ra6 Ne6+ 54. Kd3 Rxe4 55. Kxe4 Nc5+ 56. Kf5 Nxa6 57. Ng6+ 1/2-1/2

[Event "19 ECC 2003 Men"]
[Site "?"]
[Date "2003.09.29"]
[Round "2.131"]
[White "Cicak Slavko"]
[Black "Jemeric Veljko"]
[Result "1/2-1/2"]
[WhiteElo "2530"]
[BlackElo "2467"]
[PlyCount "118"]
[EventDate "2003.??.??"]
[Source "www.chesslib.no"]
[SourceDate "2004.05.04"]

1. e4 e6 2. Nf3 d5 3. e5 c5 4. c3 Nc6 5. Bb5 Nge7 6. O-O Qb6 7. Ba4 Bd7 8. Re1 c4 9. b3 Qa6 10. Na3 Ng6 11. Nb5 Rc8 12. d3 cxd3 13. Qxd3 Qa5 14. Qd1 a6 15. b4 Qd8 16. Nd6+ Bxd6 17. exd6 O-O 18. Bc2 Qf6 19. Bd2 e5 20. Be3 e4 21. Nd4 Nce5 22. Ne2 Be6 23. Bd4 Qg5 24. Ng3 f5 25. Bb3 Nd3 26. Re3 Nxf2 27. Qh5 Qd8 28. Kxf2 f4 29. Rxe4 fxg3+ 30. Kg1 Rf5 31. Qe2 gxh2+ 32. Kh1 Bf7 33. Rg4 Qxd6 34. Bc2 Rh5 35. Rf1 Re8 36. Qf3 Qe6 37. Rg3 Rh4 38. Qf2 Re4 39. Bxe4 dxe4 40. a4 Qd7 41. Qf5 Be6 42. Qxe4 Bc4 43. Qf5 Qc7 44. Rgf3 Bxf1 45. Qd5+ Kh8 46. Rxf1 Qe7 47. Qf7 Qxf7 48. Rxf7 Re7 49. Bxg7+ Kg8 50. Rxe7 Nxe7 51. Bd4 Kf7 52. Kxh2 Ke6 53. g4 Kd5 54. Kg3 Ke4 55. Kh4 Kf4 56. Kh5 Nd5 57. a5 h6 58. Bg7 Kf3 59. Be5 Ne3 1/2-1/2

[Event "It"]
[Site "Dhaka (Bangladesh)"]
[Date "2007.06.01"]
[Round "7"]
[White "Abdulla Al-Rakib (BAN)"]
[Black "Reefat Bin-Sattar (BAN)"]
[Result "0-1"]
[WhiteElo "2518"]
[BlackElo "2479"]
[PlyCount "86"]
[EventDate "2007.??.??"]
[Source "www.chesslib.no"]
[SourceDate "2004.05.04"]

1. e4 e6 2. Nf3 d5 3. Nc3 d4 4. Ne2 c5 5. c3 dxc3 6. bxc3 Nc6 7. Ng3 Qa5 8. Bc4 Nge7 9. O-O Ng6 10. Bb3 h5 11. d4 h4 12. Ne2 h3 13. g3 Qa6 14. Nf4 Nxf4 15. Bxf4 f6 16. Rb1 Bd7 17. d5 Nd8 18. e5 c4 19. Bc2 f5 20. dxe6 Nxe6 21. Bg5 Bc5 22. Qd5 Qc6 23. Qxc6 Bxc6 24. Bxf5 Kf7 25. Bxe6+ Kxe6 26. Nh4 Rh5 27. Be3 Rxe5 28. Bxc5 Rxc5 29. Ng6 Kf6 30. Nf4 g5 31. Ne2 Be4 32. Rb2 Bd3 33. Rd1 Re8 34. Nc1 Be4 35. Re2 Rce5 36. f4 gxf4 37. gxf4 Rg8+ 38. Kf1 Re7 39. Rd4 Kf5 40. Rxc4 Rg4 41. Ke1 Rg1+ 42. Kd2 Rg2 43. Rd4 Bf3 0-1

[Event "Chigorin mem"]
[Site "?"]
[Date "2000.11.05"]
[Round "5"]
[White "Guseinov Kadir"]
[Black "Ivanov Sergey"]
[Result "1/2-1/2"]
[WhiteElo "2421"]
[BlackElo "2574"]
[PlyCount "39"]
[EventDate "2000.??.??"]
[Source "www.chesslib.no"]
[SourceDate "2004.05.04"]

1. e4 e6 2. Nf3 d5 3. Nc3 d4 4. Ne2 c5 5. c3 Nf6 6. cxd4 cxd4 7. e5 Nfd7 8. Nexd4 Nxe5 9. Bb5+ Nec6 10. Nxc6 Nxc6 11. Bxc6+ bxc6 12. Qa4 Qd5 13. O-O Be7 14. b3 O-O 15. Ba3 Bxa3 16. Qxa3 e5 17. Rac1 e4 18. Rc5 Qd6 19. Ne5 Be6 20. Qa5 1/2-1/2

[Event "Sokolsky Memorial"]
[Site "Minsk BLR"]
[Date "1978.??.??"]
[Round "?"]
[White "Kupreichik, Viktor D"]
[Black "Kapengut, Albert Z"]
[Result "1/2-1/2"]
[WhiteElo "2530"]
[BlackElo "2465"]
[PlyCount "62"]
[EventDate "1978.01.??"]
[Source "www.chesslib.no"]
[SourceDate "2004.05.04"]

1. e4 e6 2. Nf3 d5 3. e5 c5 4. c3 Bd7 5. Na3 Nc6 6. Nc2 Rc8 7. d4 cxd4 8. Ncxd4 Nge7 9. Bd3 Nxd4 10. Nxd4 Ng6 11. Qe2 Bc5 12. Nb3 Bb6 13. h4 Nxh4 14. Qg4 Ng6 15. Bxg6 fxg6 16. Rxh7 Bxf2+ 17. Ke2 Rxh7 18. Qxg6+ Kf8 19. Qxh7 Qh4 20. Qxh4 Bxh4 21. Be3 b6 22. a4 Rc4 23. a5 Re4 24. Rf1+ Ke8 25. Rf4 Bb5+ 26. Kf3 Ba4 27. Rxe4 dxe4+ 28. Kg4 Bxb3 29. Kxh4 bxa5 30. Bxa7 Bd5 31. g3 a4 1/2-1/2

[Event "Groningen op"]
[Site "Groningen"]
[Date "1999.12.30"]
[Round "11"]
[White "Salmensuu, Olli"]
[Black "Lalic, Bogdan"]
[Result "1-0"]
[WhiteElo "2443"]
[BlackElo "2550"]
[PlyCount "73"]
[EventDate "1999.12.19"]
[Source "ChessBase"]
[SourceDate "2000.01.11"]

1. e4 e6 2. Nf3 d5 3. e5 c5 4. b4 cxb4 5. d4 Nc6 6. a3 f6 7. axb4 Bxb4+ 8. c3 Ba5 9. Bd3 Bc7 10. O-O fxe5 11. Nxe5 Bxe5 12. dxe5 Nxe5 13. Qh5+ Nf7 14. Ba3 a6 15. Nd2 Qg5 16. Qe2 Ne7 17. c4 Qe5 18. Qd1 Qc7 19. Rc1 d4 20. Ne4 O-O 21. Qh5 Ng6 22. f4 Qd8 23. Rf3 Bd7 24. Rg3 Nh6 25. Ng5 Nxf4 26. Qxh6 gxh6 27. Nxe6+ Ng6 28. Nxf8 Be8 29. Rf1 Qh4 30. Bd6 Qh5 31. Be4 Kh8 32. Bf3 Qa5 33. Bd5 Bf7 34. Rxf7 Qe1+ 35. Rf1 Qe2 36. Bc5 Qd2 37. Rg4 1-0

[Event "V Open Parsvnath"]
[Site "Nuova Delhi IND"]
[Date "2007.01.21"]
[Round "9"]
[White "Roy Chowdhury, S."]
[Black "Drozdovskij, Y."]
[Result "1/2-1/2"]
[WhiteElo "2425"]
[BlackElo "2562"]
[PlyCount "67"]
[EventDate "2007.01.15"]
[Source "www.chesslib.no"]
[SourceDate "2004.05.04"]

1. e4 e6 2. Nf3 d5 3. Nc3 Nf6 4. e5 Ne4 5. Ne2 Ng5 6. Nxg5 Qxg5 7. d4 Qd8 8. Be3 c5 9. Qd2 Nc6 10. f4 Qb6 11. O-O-O Bd7 12. dxc5 Bxc5 13. Bxc5 Qxc5 14. Nd4 Nxd4 15. Qxd4 Rc8 16. Qxc5 Rxc5 17. Bd3 Ke7 18. Kd2 a6 19. c3 Bb5 20. Bb1 g6 21. Ke3 h5 22. g3 Bc6 23. Rd4 Rb5 24. b3 Rc5 25. Rc1 Bd7 26. Bd3 Rhc8 27. Kd2 Bb5 28. Bxb5 Rxb5 29. Re1 Rbc5 30. Re3 b5 31. h4 R5c6 32. Red3 Rc5 33. a4 R8c7 34. Kc2 1/2-1/2

[Event "Moscow ol (Men)"]
[Site "Moscow"]
[Date "1994.??.??"]
[Round "4"]
[White "Motwani, Paul"]
[Black "Apicella, Manuel"]
[Result "1/2-1/2"]
[WhiteElo "2520"]
[BlackElo "2465"]
[PlyCount "33"]
[EventDate "1994.11.??"]
[Source "ChessBase"]

1. e4 e6 2. Nf3 d5 3. Nc3 Nf6 4. exd5 exd5 5. d4 c6 6. Bd3 Bd6 7. O-O O-O 8. h3 Na6 9. Re1 h6 10. Ne5 Nb4 11. Bf4 Nxd3 12. Qxd3 Nh5 13. Bh2 Qg5 14. g4 Nf4 15. Qe3 Bxe5 16. dxe5 Ne6 17. f4 1/2-1/2

[Event "La Plata"]
[Site "La Plata"]
[Date "1997.??.??"]
[Round "7"]
[White "Larsen, Bent"]
[Black "Garcia Palermo, Carlos"]
[Result "0-1"]
[WhiteElo "2520"]
[BlackElo "2465"]
[PlyCount "64"]
[EventDate "1997.11.??"]
[Source "ChessBase"]
[SourceDate "1998.03.09"]

1. e4 e6 2. Nf3 d5 3. Nc3 Nf6 4. exd5 exd5 5. d4 Be7 6. Bd3 O-O 7. O-O Bg4 8. Ne2 Bxf3 9. gxf3 c5 10. dxc5 Bxc5 11. Bg5 h6 12. Bf4 Nh5 13. Bg3 Nc6 14. Qd2 Qf6 15. Nf4 Qg5 16. Rad1 Nxg3 17. hxg3 Qxg3+ 18. Ng2 Ne5 19. Be2 Ng6 20. f4 Nh4 21. Qxd5 Rae8 22. Bh5 g6 23. Qxb7 gxh5 24. Rd3 Qxg2+ 25. Qxg2+ Nxg2 26. Kxg2 Re2 27. Rg3+ Kh7 28. Rc3 Bd4 29. Rc7 Bb6 30. Rc6 Rd8 31. c4 Rxb2 32. c5 Rc2 0-1

[Event "XVII Festival - Open A"]
[Site "Cracovia POL"]
[Date "2006.12.30"]
[Round "4"]
[White "Jakubiec, A."]
[Black "Firman, N."]
[Result "1-0"]
[WhiteElo "2488"]
[BlackElo "2495"]
[PlyCount "59"]
[EventDate "2006.12.27"]
[Source "www.chesslib.no"]
[SourceDate "2004.05.04"]

1. e4 e6 2. Nf3 d5 3. e5 Ne7 4. d4 c5 5. Bd3 Nbc6 6. O-O Ng6 7. c3 Be7 8. Be3 O-O 9. Nbd2 b6 10. Re1 a5 11. h4 Ba6 12. Bxa6 Rxa6 13. h5 Nh8 14. h6 g6 15. Nh2 cxd4 16. cxd4 f5 17. exf6 Bxf6 18. Ndf3 Nf7 19. Ng4 Bh8 20. Bf4 Re8 21. Rc1 b5 22. a4 Qb6 23. axb5 Qxb5 24. Rc5 Qxb2 25. Rxd5 Raa8 26. Rd7 Rad8 27. Rxd8 Rxd8 28. d5 exd5 29. Qxd5 Nd4 30. Ng5 1-0

[Event "Moscow RUS"]
[Site "?"]
[Date "1996.??.??"]
[Round "2"]
[White "Makarichev Sergey"]
[Black "Zakharevich Igor"]
[Result "1/2-1/2"]
[WhiteElo "2540"]
[BlackElo "2435"]
[PlyCount "36"]
[EventDate "1996.??.??"]
[Source "www.chesslib.no"]
[SourceDate "2004.05.04"]

1. e4 e6 2. Nf3 d5 3. Nc3 dxe4 4. Nxe4 Nd7 5. g3 b6 6. Bg2 Bb7 7. d3 Ngf6 8. Nfg5 Nxe4 9. Nxe4 Rb8 10. O-O Be7 11. Re1 O-O 12. d4 Nf6 13. Nxf6+ Bxf6 14. Bxb7 Rxb7 15. Qf3 Qd5 16. Qxd5 exd5 17. c3 c5 18. Be3 cxd4 1/2-1/2

[Event "34. Olympiad"]
[Site "?"]
[Date "2000.11.01"]
[Round "5"]
[White "Shaw John"]
[Black "Barsov Alexei"]
[Result "1/2-1/2"]
[WhiteElo "2435"]
[BlackElo "2534"]
[PlyCount "56"]
[EventDate "2000.??.??"]
[Source "www.chesslib.no"]
[SourceDate "2004.05.04"]

1. e4 e6 2. Nf3 d5 3. Nc3 Nf6 4. e5 Nfd7 5. Ne2 c5 6. c3 c4 7. d4 cxd3 8. Nf4 Nc6 9. Nxd3 h6 10. h4 b6 11. Bf4 Nc5 12. Nd4 Bd7 13. Nxc6 Bxc6 14. Nb4 Ba4 15. Qxa4+ Nxa4 16. Bb5+ Qd7 17. Bxd7+ Kxd7 18. Nd3 Be7 19. h5 Rhc8 20. O-O-O Rc4 21. Kb1 Rac8 22. Be3 Bc5 23. Bd2 Be7 24. Be3 Re4 25. Rhe1 Rh4 26. Rh1 Re4 27. Rhe1 Rh4 28. Rh1 Re4 1/2-1/2

[Event "TCh-CZE Extraliga 2003-4"]
[Site "Czech Rep"]
[Date "2004.03.20"]
[Round "8"]
[White "Cicak, Slavko"]
[Black "Lipka, Juraj"]
[Result "1-0"]
[WhiteElo "2528"]
[BlackElo "2417"]
[PlyCount "87"]
[EventDate "2004.01.08"]
[Source "Roberto Alvarez"]
[SourceDate "2004.04.05"]

1. e4 e6 2. Nf3 d5 3. e5 c5 4. c3 Nc6 5. Bb5 Bd7 6. Ba4 f6 7. O-O Nxe5 8. Nxe5 fxe5 9. Qh5+ Ke7 10. Bxd7 Nf6 11. Qxe5 Kxd7 12. Re1 Bd6 13. Qxe6+ Kc6 14. Qh3 Re8 15. Rf1 Re5 16. g3 Qe7 17. c4 Re8 18. d3 Qe6 19. Qg2 Qf5 20. Nc3 Re1 21. cxd5+ Nxd5 22. Be3 Rxa1 23. Rxa1 Rd8 24. Rc1 Be7 25. d4 b5 26. dxc5 Bf6 27. Nxd5 Rxd5 28. b3 g5 29. Rd1 g4 30. Kf1 a5 31. Rxd5 Qxd5 32. Qxd5+ Kxd5 33. f3 gxf3 34. Kf2 Be7 35. h4 a4 36. h5 Bxc5 37. Bxc5 Kxc5 38. g4 Kd4 39. Kxf3 Ke5 40. b4 a3 41. Ke3 Kf6 42. Kf4 h6 43. g5+ hxg5+ 44. Kg4 1-0

[Event "Lido Estensi op"]
[Site "Lido Estensi"]
[Date "2000.05.29"]
[Round "3"]
[White "Aleksic, Nenad"]
[Black "Efimov, Igor"]
[Result "0-1"]
[WhiteElo "2405"]
[BlackElo "2537"]
[PlyCount "72"]
[EventDate "2000.05.27"]
[Source "ChessBase"]
[SourceDate "2000.07.11"]

1. e4 e6 2. Nf3 d5 3. Nc3 Bb4 4. a3 Ba5 5. e5 Ne7 6. d4 c5 7. dxc5 Bxc3+ 8. bxc3 Nbc6 9. Bd3 Qc7 10. Bf4 Ng6 11. Bg3 Qa5 12. Qd2 Bd7 13. h4 Nge7 14. O-O Qxc5 15. Rfb1 Na5 16. Bf4 b6 17. Be3 Qc7 18. Bd4 h6 19. Qe2 Nec6 20. Nd2 Rc8 21. Qg4 O-O 22. Nf3 Nxd4 23. cxd4 Ba4 24. Rd1 Qe7 25. Rd2 Rc3 26. Re2 Rfc8 27. Ne1 Nc4 28. Kh2 Nxa3 29. Re3 Qf8 30. Rg3 b5 31. Qh5 Kh8 32. f4 g6 33. Qe2 Qe7 34. Rh3 h5 35. g4 Nxc2 36. Nxc2 Rxc2 0-1

[Event "Groningen Open"]
[Site "Groningen NED"]
[Date "1992.??.??"]
[Round "5"]
[White "Reinderman, Dimitri"]
[Black "Glek, Igor V"]
[Result "0-1"]
[WhiteElo "2420"]
[BlackElo "2515"]
[PlyCount "56"]
[EventDate "1992.12.??"]
[Source "www.chesslib.no"]
[SourceDate "2004.05.04"]

1. e4 e6 2. Nf3 d5 3. e5 c5 4. b4 cxb4 5. a3 Nc6 6. axb4 Bxb4 7. c3 Be7 8. d4 f6 9. Bd3 fxe5 10. Nxe5 Nf6 11. Bg5 Nxe5 12. dxe5 Ne4 13. Bxe7 Qxe7 14. Bxe4 dxe4 15. Qd4 O-O 16. Qxe4 Bd7 17. Qe3 Bb5 18. Nd2 Qc7 19. f4 Rad8 20. Ne4 Rd3 21. Qc5 Qxc5 22. Nxc5 Re3+ 23. Kf2 Rxe5 24. Nxb7 Rxf4+ 25. Kg3 Rf6 26. Nd6 Rg6+ 27. Kh4 Rxg2 28. Kh3 Bc6 0-1

[Event "Figueira da Foz POR, 2. Open"]
[Site "?"]
[Date "2005.11.01"]
[Round "4.2"]
[White "Cicak Slavko"]
[Black "Dimitrov Vladimir"]
[Result "1-0"]
[WhiteElo "2496"]
[BlackElo "2439"]
[PlyCount "71"]
[EventDate "2005.??.??"]
[Source "www.chesslib.no"]
[SourceDate "2004.05.04"]

1. e4 e6 2. Nf3 d5 3. e5 c5 4. c3 Nc6 5. Na3 Bd7 6. Nc2 f6 7. d4 fxe5 8. dxe5 Qc7 9. Bf4 Nh6 10. h4 Nf7 11. Qe2 O-O-O 12. O-O-O g6 13. g3 h6 14. Ne3 Ne7 15. Bh3 Kb8 16. c4 d4 17. Ng4 Ba4 18. b3 Bc6 19. Nf6 Nf5 20. Rhe1 Qa5 21. Rd3 Be7 22. Kb1 a6 23. Bd2 Qc7 24. Ne4 Ka7 25. g4 Ng7 26. Bf4 b5 27. Rc1 Qb7 28. Nfd2 g5 29. Bh2 gxh4 30. cxb5 Qxb5 31. f4 h5 32. g5 Nf5 33. Nc4 Bd5 34. Ka1 Rd7 35. Nf6 Bxf6 36. exf6 1-0

[Event "Open A"]
[Site "?"]
[Date "2005.07.27"]
[Round "6"]
[White "Janturin Artur"]
[Black "Lysyj Igor"]
[Result "0-1"]
[WhiteElo "2417"]
[BlackElo "2506"]
[PlyCount "76"]
[EventDate "2005.??.??"]
[Source "www.chesslib.no"]
[SourceDate "2004.05.04"]

1. e4 e6 2. Nf3 d5 3. Nc3 d4 4. Ne2 c5 5. c3 Nf6 6. e5 Nfd7 7. cxd4 cxd4 8. Nexd4 Nxe5 9. Bb5+ Nec6 10. O-O Bd7 11. Nb3 Nb4 12. Bc4 Bc6 13. d4 Nd7 14. a3 Bd5 15. Bg5 Be7 16. Na5 Qxa5 17. axb4 Bxf3 18. bxa5 Bxd1 19. Bxe7 Kxe7 20. Rfxd1 Rac8 21. Bb3 Kd6 22. Rac1 Nf6 23. f3 Rxc1 24. Rxc1 Rb8 25. Ba4 Nd5 26. b3 Nb4 27. Rc4 Nc6 28. b4 Ne7 29. Bc2 b5 30. axb6 Rxb6 31. Ba4 Rb7 32. b5 Rc7 33. Bb3 Rxc4 34. Bxc4 Nf5 35. Kf2 Nxd4 36. Ke3 Kc5 37. Bd3 h6 38. g4 Nxb5 0-1

[Event "Torshavn op 3rd"]
[Site "Torshavn"]
[Date "2000.10.10"]
[Round "5"]
[White "Salmensuu, Olli"]
[Black "Pedersen, Steffen"]
[Result "1-0"]
[WhiteElo "2458"]
[BlackElo "2464"]
[PlyCount "77"]
[EventDate "2000.10.06"]
[Source "ChessBase"]
[SourceDate "2000.11.10"]

1. e4 e6 2. Nf3 d5 3. e5 c5 4. b4 cxb4 5. a3 Nc6 6. axb4 Bxb4 7. c3 Be7 8. d4 f6 9. Bd3 fxe5 10. dxe5 Nh6 11. Bxh6 gxh6 12. Qd2 Bg5 13. Qe2 Qc7 14. O-O O-O 15. Na3 Qg7 16. Nb5 Bd7 17. Nd6 Be8 18. Nxg5 hxg5 19. Rfe1 Bg6 20. Bxg6 Qxg6 21. Nxb7 Rab8 22. Nc5 Rf4 23. Qa6 Qe8 24. Reb1 Rxb1+ 25. Rxb1 Rc4 26. Nb7 Rxc3 27. Nd6 Qd7 28. Qe2 Qg7 29. Qa6 Qd7 30. Qa1 Rc5 31. Rb7 Qd8 32. Qb1 Ne7 33. g3 Rc7 34. Rb8 Nc8 35. Qb5 h6 36. Qa6 d4 37. Rxc8 Rxc8 38. Qxc8 Qxc8 39. Nxc8 1-0

[Event "Groningen op"]
[Site "Groningen"]
[Date "1991.??.??"]
[Round "1"]
[White "Los, Sander"]
[Black "Vaisser, Anatoli"]
[Result "1/2-1/2"]
[WhiteElo "2355"]
[BlackElo "2565"]
[PlyCount "129"]
[EventDate "1991.12.??"]
[Source "ChessBase"]

1. e4 e6 2. Nf3 d5 3. e5 c5 4. b4 c4 5. a3 a5 6. b5 Qb6 7. d3 Bc5 8. d4 Be7 9. a4 Nd7 10. g3 Qd8 11. h4 h5 12. Bh3 Nf8 13. O-O b6 14. Ba3 Ra7 15. Re1 f6 16. exf6 gxf6 17. Nc3 Bxa3 18. Rxa3 Qd6 19. Qc1 Re7 20. Ne2 Ng6 21. Ra1 Nh6 22. Nf4 Nxf4 23. Qxf4 Qxf4 24. gxf4 Rg8+ 25. Kf1 Nf7 26. Ra3 Nd6 27. Nd2 Reg7 28. Ke2 Kf7 29. Re3 Rg1 30. Rxg1 Rxg1 31. Nf1 Ne4 32. Ng3 Nxg3+ 33. fxg3 Ra1 34. f5 exf5 35. Bg2 Be6 36. Bf3 Rxa4 37. Bxh5+ Ke7 38. Bg6 Kd6 39. h5 Ra1 40. Kf2 a4 41. h6 Rh1 42. h7 Bd7 43. Kg2 Rh6 44. Ra3 Bxb5 45. g4 fxg4 46. Ra1 a3 47. Rxa3 Be8 48. Bxe8 Rxh7 49. Bg6 Re7 50. Bf5 Re2+ 51. Kg3 Rd2 52. c3 b5 53. Ra6+ Kc7 54. Rxf6 b4 55. cxb4 Rxd4 56. b5 Rd2 57. Rc6+ Kb8 58. Kxg4 Rb2 59. Rc5 d4 60. Bd7 c3 61. Kf3 Kb7 62. Rc4 Rd2 63. Rc6 c2 64. Bc8+ Kb8 65. Bf5 1/2-1/2

[Event "Voronezh RUS"]
[Site "?"]
[Date "2006.06.16"]
[Round "5"]
[White "Chuprov Dmitry"]
[Black "Kiselev Vitaliy"]
[Result "1/2-1/2"]
[WhiteElo "2525"]
[BlackElo "2389"]
[PlyCount "106"]
[EventDate "2006.??.??"]
[Source "www.chesslib.no"]
[SourceDate "2004.05.04"]

1. e4 e6 2. Nf3 d5 3. e5 c5 4. b4 cxb4 5. a3 Nh6 6. d4 Nc6 7. axb4 Bxb4+ 8. c3 Be7 9. h4 Nf5 10. h5 h6 11. Bd3 a6 12. O-O Bd7 13. Nbd2 Na5 14. g4 Nh4 15. Nxh4 Bxh4 16. f4 Rc8 17. Qc2 Qc7 18. Nf3 Be7 19. Bd2 Nc4 20. Bc1 Na5 21. Qb1 Nc4 22. f5 Qc6 23. Ra2 b5 24. Rg2 a5 25. f6 gxf6 26. exf6 Bxf6 27. g5 hxg5 28. Nxg5 Na3 29. Bxa3 Bxg5 30. Rxg5 Qxc3 31. Bc5 Qd2 32. Rg3 b4 33. Bg6 fxg6 34. Qxg6+ Kd8 35. Bb6+ Ke7 36. Bc5+ Kd8 37. Qf6+ Kc7 38. Qe5+ Kb7 39. Rf7 Qd1+ 40. Kg2 Qc2+ 41. Kh3 Rh7 42. Rxd7+ Rxd7 43. Qxe6 Qh7 44. Rg6 Rcc7 45. Kh4 b3 46. Qb6+ Kc8 47. Qxa5 Rb7 48. Qa8+ Kc7 49. Qa6 b2 50. Bd6+ Rxd6 51. Qxd6+ Kc8 52. Qf8+ Kc7 53. Qf4+ Kc8 1/2-1/2